000 01021nam a2200205Ii 4500
003 JO-AjNU
008 230605s9999||||xx |||||||||||||| ||und||
040 _aJO-AjNU
_bara
_erda
_cJO-AjNU
041 _aara
050 1 4 _aBP80 2014
100 3 _aتحرير: إبراهيم، حسين محمد ، دياري أحمد إسماعيل,
_eauthor
_952521
245 0 0 _aالشيخ أمجد الزهاوي إمام العلماء والدعاة: مجموعة البحوث والكلمات المقدمة في مؤتمر الشيخ أمجد الزهاوي الذي أقامه مركز الزهاوي للدراسات الفكرية في كردستان العراق
250 _aط1
264 3 1 _aاقليم كردستان: مركز الزهاوي للدراسات الفكرية، 2014
300 _a399ص
_bالبوم الصور ص389-399
336 _atext
_btxt
_2rdacontent
337 _aunmediated
_bn
_2rdamedia
338 _avolume
_bnc
_2rdacarrier
650 4 _aالامام امجد الزهاوي- تراجم
_952522
999 _aA23271
_c26839
_d26839